000 00257nam a2200097Ia 4500
001 1252058
005 20251031150927.0
008 251031s9999 xx 000 0 und d
245 0 _cHANZADE SERVİ
_aP-4 KARAMEL KOKULU ÖYKÜ OKULU
260 _bTUDEM YAYINLARI
999 _c1252058
_d1252058